Cm̤o hacer una tesis en derecho. Curso de metodologa̕ de la investigacin̤ jurd̕ica /

Bibliographic Details
Main Author: Corral Talciani, Hernǹ
Format: eBook
Language:Spanish
Published: [Chile] : Editorial jurd̕ica de Chile, 2008
Edition:1® ed.
Series:Coleccin̤ Manuales jurd̕icos ; 121.
Subjects:
Online Access:Acceso restringido

MARC

LEADER 00000nam a22000007a 4500
005 20110830133223.0
008 110830t2008 cl ||||s|||| 00| 0 spa d
020 |a 978-956-10-1860-0 
035 |a 5496 
040 |a vLex 
090 |c 2303  |d 2303 
100 1 |a Corral Talciani, Hernǹ 
245 1 0 |a Cm̤o hacer una tesis en derecho.  |b Curso de metodologa̕ de la investigacin̤ jurd̕ica /  |c Hernǹ Corral Talciani   |h [Recurso electrn̤ico] : 
250 |a 1® ed. 
256 |a Servicio en ln̕ea. 
260 |a [Chile] :  |b Editorial jurd̕ica de Chile,  |c 2008 
300 |a 214 p. 
490 0 |a Coleccin̤ Manuales jurd̕icos ;  |v 121. 
500 |a Contenido: Teora̕ de la metodologa̕ jurd̕ica. Mťodo e investigacin̤ cientf̕ica; El Derecho como objeto de ciencia e investigacin̤; Metodologa̕ jurd̕ica en general; Los mťodos particulares de la investigacin̤ jurd̕ica; Los escritos jurd̕icos. 
506 1 |a Contenido solo disponible en los productos indicados  |d vLex Global  |d vLex Global (Academic Edition, excluding Law Schools)  |d vLex Global (U.S. Academic Edition, Law Schools)  |d vLex Global (U.S. Academic Edition, excluding Law Schools)  |d vLex Global (Academic Edition, Law Schools) 
650 0 4 |a Tesis y disertaciones acadm̌icas 
740 0 |a vLex Libros (Servicio en ln̕ea) 
856 4 0 |u http://vlex.com/source/como-hacer-tesis-derecho-curso-metodologia-investigacion-juridica-5496  |z Acceso restringido 
942 |c BOOK